Sports Quiz

Random Sports or College Quiz

Big East Basketball Coach Colleges Quiz Stats

 Plays Quiz not verified by Sporcle

Score 0/16 Timer 08:00
0 Plays Today
Coach Alma Mater % Correct
Jim BoeheimSyracuse
80%
Bob HugginsWest Virginia
80%
Kevin WillardPittsburgh
65.7%
John Thompson IIIPrinceton
47.1%
Mick CroninCincinnati
42.9%
Keno DavisIowa
28.6%
Rick PitinoUMass
25.7%
Jamie DixonTCU
15.7%
Coach Alma Mater % Correct
Jay WrightBucknell
8.6%
Jim CalhounAmerican International
7.1%
Oliver PurnellODU
4.3%
Buzz WilliamsOklahoma City
4.3%
Mike RiceFordham
4.3%
Steve LavinChapman
4.3%
Stan HeathEastern Michigan
2.9%
Mike BreyGeorge Washington
2.9%

You're not logged in!

Compare scores with friends on all Sporcle quizzes.
OR
Log In

Show Comments

Extras

Top Quizzes Today


Score Distribution

Your Account Isn't Verified!

In order to create a playlist on Sporcle, you need to verify the email address you used during registration. Go to your Sporcle Settings to finish the process.

Report this User

Report this user for behavior that violates our Community Guidelines.

Details: